| 000 | 01203nam0a22002771 4500 | ||
|---|---|---|---|
| 001 | rc\3286692 | ||
| 005 | 20260407084340.0 | ||
| 021 |
_aRU _b[74-97237] |
||
| 035 | _a(NLR Aleph) 007494635 | ||
| 090 |
_a7644178 _c7644178 |
||
| 100 | _a20130115d1974 |||y0rusy50 ca | ||
| 101 | 0 | _arus | |
| 102 | _aRU | ||
| 105 | _aa z ||||| | ||
| 200 | 1 |
_aУскоренные методы диагностики инфекционных болезней _e[Сборник статей] _fПод. ред. проф. В.М. Никитина _gМ-во здравоохранения МССР. Кишинев. гос. мед. ин-т |
|
| 210 |
_aКишинев _cШтиинца _d1974 |
||
| 215 |
_a108 с. _cчерт. _d21 |
||
| 320 | _aСписки лит. в конце статей | ||
| 606 |
_aИнфекционные болезни _xДиагностика лабораторная _jСборники _2psbo |
||
| 702 | 1 |
_aНикитин _bВ.М. _gВалентин Михайлович _4340 |
|
| 712 | 0 | 2 |
_aКишиневский медицинский институт _3RU\NLR\AUTH\8812404 _9297575 |
| 801 | 0 |
_aRU _bNLR _gpsbo |
|
| 801 | 1 |
_aRU _bELAR _2rusmarc |
|
| 852 |
_aNLR _j74-5/4245 |
||
| 942 | _cBOOK | ||
| 980 | _aNB | ||